Central Library OPAC University of Rajshahi

The Revolution of 1688 : (Record no. 27964)

MARC details
000 -LEADER
fixed length control field 00794nam a22002412 4500
001 - CONTROL NUMBER
control field 27964
003 - CONTROL NUMBER IDENTIFIER
rucl marc code BD-RjUL
005 - DATE AND TIME OF LATEST TRANSACTION
control field 20211209051225.0
008 - FIXED-LENGTH DATA ELEMENTS--GENERAL INFORMATION
fixed length control field 140329s1963 mau b 000 0 eng d
035 ## - SYSTEM CONTROL NUMBER
System control number (BD-RjUL)28045
040 ## - CATALOGING SOURCE
Original cataloging agency LC
Language of cataloging eng
Transcribing agency LC
Modifying agency BD-RjUL
041 ## - LANGUAGE CODE
Language code of text/sound track or separate title eng
082 04 - DEWEY DECIMAL CLASSIFICATION NUMBER
Classification number 942.067
Author mark and year REV 1963
245 04 - TITLE STATEMENT
Title The Revolution of 1688 :
Remainder of title Whig triumph or palace revolution? /
Statement of responsibility, etc. edited with an introduction by Gerald M. Straka
260 ## - PUBLICATION, DISTRIBUTION, ETC. (IMPRINT)
Place of publication, distribution, etc. Boston :
Name of publisher, distributor, etc. Heath,
Date of publication, distribution, etc. 1963.
300 ## - PHYSICAL DESCRIPTION
Pagination xiv, 98 p. ;
Size 24 cm.
490 #0 - SERIES STATEMENT
Series statement Problems in European civilization
504 ## - BIBLIOGRAPHY, ETC. NOTE
Bibliography, etc Includes bibliographical references.
651 #0 - SUBJECT ADDED ENTRY--GEOGRAPHIC NAME
Geographic name Great Britain
General subdivision History
Chronological subdivision Revolution of 1688.
9 (RLIN) 58238
700 1# - ADDED ENTRY--PERSONAL NAME
Personal name Straka, Gerald M.
830 #0 - SERIES ADDED ENTRY--UNIFORM TITLE
Uniform title Problems in European civilization
942 ## - ADDED ENTRY ELEMENTS (KOHA)
Source of classification or shelving scheme Dewey Decimal Classification
Koha item type Books
Holdings
Lost status Source of classification or shelving scheme Damaged status Not for loan Collection code Permanent Location Current Location Shelving location Date acquired Source of acquisition Total Checkouts Full call number Date last seen Copy number Koha item type
  Dewey Decimal Classification   Added to bundle Non-fiction Central Library, University of Rajshahi Central Library, University of Rajshahi Reading Room 06/04/1995 Asia Foundation, Gift.   942.067 REV 1963 29/03/2014 C-1 Books